000 01045nam a2200289 c 4500
003 BLK
005 20180421000224.0
008 180411b bul|||||r ||||||| ||bul||
010 _aKNG00192716000
040 _aBLK
041 _aBUL
_cBUL
080 _aНаказуеми действия (общо върху наказуемите действия)
_b343.23
_x
_z343.23
080 _aБългарска литература
_b821.163.2
_x-32
_z821.163.2-32
100 1 _aГеоргиев, Злати Златев
_eпърви автор
_9335464
139 _aГеоргиев, Злати Златев
_bГ 37
245 1 0 _aГрешката на Темида
_bПовест
_cЗлати Златев Георгиев.
257 _aBGR
260 София
_bПрофиздат
_c1990
300 _a152 с.
_c20 см
380 _a3
500 _a44 380 тир.
852 _aЦб 163751
856 4 _qpdf
_u
856 4 _qpdf
_u
942 _cKNG
_n0
944 _aCR
_c12.10.2016
_kПравда_Бадева
944 _aED
_c12.10.2016
_kПравда_Бадева
999 _c183771
_d183771